L'Art gòtic : la construcció de la Seu de Manresa / M. Hoja ... [et al.] la construcció de la Seu de Manresa / M. Hoja ... [et al.]
Publicado:
Barcelona :
Graó : Servei d' Ensenyament i Investigació de la Diputació de Barcelona ,
1989
Descripción Física:
62 p. : il. ; 20 cm
Colección:
Biblioteca de la classe ; 38
Otros Autores:
Hoja, M.
Materias:
Art gòtic
MARC
| LEADER | 00000nam a2200000Ia 4500 | ||
|---|---|---|---|
| 001 | 9623 | ||
| 008 | 160829s1989 xx 000 0 cat d | ||
| 080 | |a B-1-226 | ||
| 245 | |a L'Art gòtic : |b la construcció de la Seu de Manresa / M. Hoja ... [et al.] | ||
| 260 | |a Barcelona : |b Graó : |b Servei d' Ensenyament i Investigació de la Diputació de Barcelona, |c 1989 | ||
| 300 | |a 62 p. : |b il. ; |c 20 cm | ||
| 490 | |a Biblioteca de la classe ; 38 | ||
| 650 | |a Art gòtic |9 26838 | ||
| 700 | |a Hoja, M. |9 26839 | ||
| 710 | 1 | |a Barcelona (Catalunya : Província). |b Servei d'Ensenyament i Investigació |9 54366 | |
| 901 | |a Arxiu | ||
| 942 | |n 1 | ||
| 952 | |0 0 |1 0 |4 0 |6 B1226 |7 1 |9 44164 |a Arxiu |b Arxiu |d 2016-12-01 |l 0 |o B-1-226 |p 9623 |r 2016-12-01 00:00:00 |w 2016-12-01 |y ARXIU | ||
| 999 | |c 46744 |d 46744 | ||